和中国城市为友好城市的俄罗斯城市(城市点位地图版) - Statistics

General Stats
  • This quiz has been taken 6 times
    3 since last reset
  • The average score is 10 of 81
Answers on the Map
Answers color-coded by a green-red scale on the quiz's map according to % correct below.
 
Answer Stats
省级行政区 中方城市 外方城市 % Correct
北京市 北京市 莫斯科市
100%
上海市|山东省|广东省 上海市|青岛市|广东省 圣彼得堡市
100%
吉林省|四川省|云南省 吉林市|成都市|曲靖市 伏尔加格勒市
100%
辽宁省|四川省 沈阳市|绵阳市 新西伯利亚市
50%
广东省|四川省 广州市|成都市 叶卡捷琳堡市
50%
浙江省|广东省 杭州市|广州市 喀山市
50%
黑龙江省 大庆市 秋明市
50%
黑龙江省|海南省 哈尔滨市|三亚市 哈巴罗夫斯克市
50%
辽宁省|吉林省|黑龙江省 大连市|延边朝鲜族自治州|哈尔滨市 符拉迪沃斯托克市
50%
江苏省 徐州市 梁赞市
50%
宁夏回族自治区 固原市 加里宁格勒市
50%
山东省 威海市 索契市
50%
内蒙古自治区|吉林省|甘肃省 呼和浩特市|长春市|兰州市 乌兰乌德市
50%
内蒙古自治区|内蒙古自治区 呼伦贝尔市海拉尔区|满洲里市 赤塔市
50%
黑龙江省 哈尔滨市 摩尔曼斯克市
50%
吉林省 延边州延吉市 南萨哈林斯克市
50%
吉林省|黑龙江省 长春市|黑河市 克拉斯诺亚尔斯克市
0%
山东省 济南市 下诺夫哥罗德市
0%
辽宁省|黑龙江省|安徽省|江西省 沈阳市|齐齐哈尔市|合肥市|南昌市 乌法市
0%
河南省 郑州市 萨马拉市
0%
黑龙江省 哈尔滨市 克拉斯诺达尔市
0%
内蒙古自治区|福建省|河南省|新疆维吾尔自治区 满洲里市|福州市|开封市|乌鲁木齐市 鄂木斯克市
0%
重庆市 重庆市 沃罗涅日市
0%
山西省|湖北省 太原市|武汉市 萨拉托夫市
0%
河南省 洛阳市 陶里亚蒂市
0%
吉林省|新疆维吾尔自治区 白城市|昌吉回族自治州 巴尔瑙尔市
0%
湖北省|青海省 武汉市|西宁市 伊热夫斯克市
0%
山西省|安徽省|湖南省 晋城市|芜湖市|湘潭市 乌里扬诺夫斯克市
0%
内蒙古自治区|辽宁省|浙江省 满洲里市|沈阳市|宁波市 伊尔库茨克市
0%
江西省 九江市 雅罗斯拉夫尔市
0%
江苏省|江苏省 常州市|镇江市 斯塔夫罗波尔市
0%
辽宁省 辽阳市 克麦罗沃市
0%
江苏省 扬州市 巴拉什赫市
0%
安徽省 安庆市 切博克萨雷市
0%
陕西省|陕西省|甘肃省 宝鸡市|咸阳市|兰州市 奔萨市
0%
辽宁省 鞍山市 利佩茨克市
0%
辽宁省 朝阳市 苏尔古特市
0%
辽宁省 营口市 特维尔市
0%
江苏省 淮安市 马格尼托哥尔斯克市
0%
黑龙江省|黑龙江省 哈尔滨市|黑河市 雅库茨克市
0%
江苏省|重庆市 无锡市江阴市|渝中区 弗拉基米尔市
0%
江苏省 连云港市 伏尔加斯基市
0%
湖南省 衡阳市 波多利斯克市
0%
陕西省 榆林市 库尔干市
0%
吉林省 辽源市 切列波韦茨市
0%
山东省 济宁市 塔甘罗格市
0%
四川省 眉山市 下卡姆斯克市
0%
黑龙江省 黑河市 布拉戈维申斯克市
0%
黑龙江省|陕西省 佳木斯市|渭南市 阿穆尔河畔共青城市
0%
湖北省 十堰市 恩格斯市
0%
山东省 淄博市 诺夫哥罗德市
0%
山东省 淄博市 布拉茨克市
0%
山西省 太原市 塞克特夫卡尔市
0%
辽宁省 锦州市 安加尔斯克市
0%
黑龙江省 牡丹江市 乌苏里斯克市
0%
广西壮族自治区 崇左市 雷宾斯克市
0%
河南省 平顶山市 塞兹兰市
0%
福建省 泉州市 迈科普市
0%
吉林省 吉林市 纳霍德卡市
0%
广东省 湛江市 谢尔普霍夫市
0%
四川省 绵阳市 奥布宁斯克市
0%
新疆维吾尔自治区 塔城地区塔城市 鲁布佐夫斯克市
0%
黑龙江省 哈尔滨市道里区 第一乌拉尔斯克市
0%
广东省|广西壮族自治区 珠海市|防城港市 茹科夫斯基市
0%
黑龙江省 七台河市 阿尔乔姆市
0%
西藏自治区 拉萨市 埃利斯塔市
0%
新疆维吾尔自治区 昌吉州阜康市 别尔茨克市
0%
吉林省|黑龙江省 通化市|双鸭山市 马加丹市
0%
云南省 临沧市 杜布纳市
0%
新疆维吾尔自治区 阿勒泰地区阿勒泰市 新阿尔泰斯克市
0%
黑龙江省|黑龙江省 鹤岗市|伊春市 比罗比詹市
0%
新疆维吾尔自治区 克拉玛依市 伊斯基季姆市
0%
内蒙古自治区|内蒙古自治区 满洲里市|呼伦贝尔市额尔古纳市 克拉斯诺卡缅斯克市
0%
江苏省 苏州市张家港市 维亚基马市
0%
湖南省 湘西土家族苗族自治州 谢斯得罗列茨克市
0%
贵州省 毕节市 兹韦尼哥罗德市
0%
河南省 许昌市 基涅利市
0%
黑龙江省 佳木斯市同江市 波格丹诺维奇市
0%
湖南省 怀化市芷江侗族自治县 基洛夫斯克市
0%
山西省 晋中市平遥县 恰克图市
0%
江西省 上饶市 苏兹达里市
0%
No matching quizzes found
Score Distribution
Percent of People with Each Score
Percentile by Number Answered
Your Score History
You have not taken this quiz since the last reset